<?xml version="1.0" encoding="UTF-8"?><?xml-stylesheet type="text/xsl" href="static/style.xsl"?><OAI-PMH xmlns="http://www.openarchives.org/OAI/2.0/" xmlns:xsi="http://www.w3.org/2001/XMLSchema-instance" xsi:schemaLocation="http://www.openarchives.org/OAI/2.0/ http://www.openarchives.org/OAI/2.0/OAI-PMH.xsd"><responseDate>2026-04-13T05:42:02Z</responseDate><request verb="GetRecord" identifier="oai:www.recercat.cat:2117/126797" metadataPrefix="marc">https://recercat.cat/oai/request</request><GetRecord><record><header><identifier>oai:recercat.cat:2117/126797</identifier><datestamp>2025-07-23T06:35:04Z</datestamp><setSpec>com_2072_1033</setSpec><setSpec>col_2072_452951</setSpec></header><metadata><record xmlns="http://www.loc.gov/MARC21/slim" xmlns:dcterms="http://purl.org/dc/terms/" xmlns:xsi="http://www.w3.org/2001/XMLSchema-instance" xmlns:doc="http://www.lyncode.com/xoai" xsi:schemaLocation="http://www.loc.gov/MARC21/slim http://www.loc.gov/standards/marcxml/schema/MARC21slim.xsd">
   <leader>00925njm 22002777a 4500</leader>
   <datafield ind2=" " ind1=" " tag="042">
      <subfield code="a">dc</subfield>
   </datafield>
   <datafield ind2=" " ind1=" " tag="720">
      <subfield code="a">Penín García, David</subfield>
      <subfield code="e">author</subfield>
   </datafield>
   <datafield ind2=" " ind1=" " tag="260">
      <subfield code="c">2002</subfield>
   </datafield>
   <datafield ind2=" " ind1=" " tag="520">
      <subfield code="a">Este trabajo tiene el objetivo de intentar determinar las aplicaciones que pueden darse al sistema Gps en tiempo real tanto en modo absoluto y relativo con código y fase. También se intentará postprocesar observaciones obtenidas a partir de navegadores para mejorar su  precisión tanto en modo estático como cinemático.&#xd;
&#xd;
 Los navegadores (pequeños receptores capaces de  determinar la posición en tiempo real) son útiles herramientas capaces de asombrar con su precisión pese a su bajo coste frente a receptores mucho más potentes como son los geodésicos, con unos precios  que pueden llegar a ser de más de 50 veces al de un navegador convencional.  Se intentará determinar hasta que punto pueden llegar a ser útiles en el ámbito topográfico aunque de antemano no tenga demasiadas expectativas.&#xd;
&#xd;
Uno de los claros objetivos de este proyecto es la de determinar la funcionalidad de los receptores Gps  frente a las estaciones topográficas convencionales. Fiabilidad, garantía, precisión, funcionalidad, ventajas e inconvenientes. &#xd;
&#xd;
La utilización de un navegador para obtener posición en modo relativo en tiempo real se efectúa mediante el uso del sistema Rasant, sistema de radiodifusión de correcciones diferenciales que se trasmite vía RDS, que emite el ICC en la frecuencia de Cataluña Música. Conectando los navegadores a un receptor de este tipo se intentará determinar las mejoras que es capaz de ofrecernos en la precisión de la posición en tiempo real.&#xd;
&#xd;
También se tendrá como objetivo estudiar las posibilidades que nos brinda el programa de post-procesado Ski-Pro 2.0, software que viene con los receptores bifrecuencia Leica pero que también intentará utilizarse para  procesar los datos de los navegadores.</subfield>
   </datafield>
   <datafield tag="653" ind2=" " ind1=" ">
      <subfield code="a">Àrees temàtiques de la UPC::Enginyeria civil::Geomàtica::Sistemes d'informació geogràfica</subfield>
   </datafield>
   <datafield tag="653" ind2=" " ind1=" ">
      <subfield code="a">Global Positioning System</subfield>
   </datafield>
   <datafield tag="653" ind2=" " ind1=" ">
      <subfield code="a">Sistema de posicionament global</subfield>
   </datafield>
   <datafield ind2="0" ind1="0" tag="245">
      <subfield code="a">GPS en tiempo real con posicionamiento absoluto y relativo con medidas de código y fase</subfield>
   </datafield>
</record></metadata></record></GetRecord></OAI-PMH>